| 000 | 01261cac a2200373 i 4500 | ||
|---|---|---|---|
| 003 | EG-GICUC | ||
| 005 | 20260121101452.0 | ||
| 008 | 020305s2003 mauad frb 001 0 eng d | ||
| 020 | _a0072485957 | ||
| 020 | _a9780072485950 | ||
| 040 |
_aDLC _cDLC _dDLC _dEG-GICUC _beng _erda |
||
| 043 | _an-us--- | ||
| 050 | 0 | 0 |
_aHV6025 _b.R515 2003 |
| 082 | 0 | 0 |
_a343.6 _221 |
| 092 | 0 | 4 | _221 |
| 099 | _aLaw 10 2003 | ||
| 100 | 1 | _aReid, Sue Titus. | |
| 245 | 1 | 0 |
_aCrime and criminology / _cSue Titus Reed. |
| 250 | _a10th edition. | ||
| 264 |
_aBoston, Mass. : _bMcGraw-Hill, _c2003. |
||
| 300 |
_axxii, 118 page : _billustrations, charts ; _c28 cm. |
||
| 336 |
_atext _btxt _2rdacontent |
||
| 337 |
_aunmediated _bn _2rdamedia |
||
| 338 |
_avolume _bnc _2rdacarrier |
||
| 504 | _aIncludes bibliographical references and indexes. | ||
| 650 | 0 | _aCriminology. | |
| 650 | 0 |
_aCrime _zUnited States. |
|
| 650 | 0 |
_aCriminal justice, Administration of _zUnited States. |
|
| 856 | 4 | 1 | _uhttps://fll.law.cu.edu.eg/fulltext/bks/ENGB10-00017.pdf |
| 856 | 4 | 1 |
_3Table of contents _uhttp://www.loc.gov/catdir/toc/mh031/2002025452.html |
| 856 | 4 | 2 |
_3Publisher description _uhttp://www.loc.gov/catdir/description/mh024/2002025452.html |
| 905 | _a10 | ||
| 942 |
_2ddc _cBK _e21 _n0 |
||
| 999 |
_c49804 _d49804 |
||